US Major Non-NATO Allies (world map) - Statistics

General Stats
  • This quiz has been taken 607 times
    333 since last reset
  • The average score is 15 of 19
Answers on the Map
Answers color-coded by a green-red scale on the quiz's map according to % correct below.
 
Answer Stats
year Answer % Correct
1987 Japan
98%
1987 Australia
97%
1987 South Korea
96%
2019 Brazil
94%
1997 New Zealand
92%
1987 Israel
86%
2003 Philippines
86%
1998 Argentina
83%
1987 Egypt
79%
2022 Colombia
77%
2003 Taiwan
77%
2004 Morocco
76%
2003 Thailand
68%
2004 Pakistan
64%
1996 Jordan
59%
2022 Qatar
59%
2004 Kuwait
57%
2002 Bahrain
53%
2015 Tunisia
53%
No matching quizzes found
Score Distribution
Percent of People with Each Score
Percentile by Number Answered
Your Score History
You have not taken this quiz since the last reset